Biggest Countries without a Rail Network - Statistics

General Stats
  • This quiz has been taken 737 times
  • The average score is 9 of 20
Answer Stats
Area Country % Correct
1,284,000 km² Chad
84%
1,759,541 km² Libya
70%
622,984 km² Central African Republic
69%
637,657 km² Somalia
68%
462,840 km² Papua New Guinea
63%
528,076 km² Yemen
60%
309,500 km² Oman
55%
27,750 km² Haiti
47%
103,125 km² Iceland
46%
214,970 km² Guyana
45%
163,820 km² Suriname
45%
26,338 km² Rwanda
40%
27,834 km² Burundi
39%
38,394 km² Bhutan
37%
36,125 km² Guinea-Bissau
31%
130,373 km² Nicaragua
29%
28,896 km² Solomon Islands
28%
22,966 km² Belize
26%
28,051 km² Equatorial Guinea
26%
17,818 km² Kuwait
24%
No matching quizzes found
Score Distribution
Percent of People with Each Score
Percentile by Number Answered
Your Score History
You have not taken this quiz